Statistics for 2022-23 NFL Playoff Teams

Click here to take the quiz!

General Stats

  • This quiz has been taken 224 times
  • The average score is 11 of 14

Answer Stats

Conf.SeedTeam% Correct
AFC1Kansas City ChiefsSuper Bowl Champions
99%
NFC1Philadelphia EaglesSuper Bowl
96%
AFC2Buffalo BillsDivisional
89%
NFC2San Francisco 49ersNFC Championship
88%
AFC3Cincinnati BengalsAFC Championship
87%
NFC5Dallas CowboysDivisional
84%
AFC4Jacksonville JaguarsDivisional
76%
AFC5Los Angeles ChargersWild Card
73%
NFC3Minnesota VikingsWild Card
72%
NFC6New York GiantsDivisional
69%
NFC4Tampa Bay BuccaneersWild Card
69%
AFC6Baltimore RavensWild Card
68%
NFC7Seattle SeahawksWild Card
67%
AFC7Miami DolphinsWild Card
64%

Score Distribution

Percentile by Number Answered

Percent of People with Each Score

Your Score History

You have not taken this quiz